[Event "ONJK 2017 B"]
[Site "Borne, Netherlands"]
[Date "2017.10.08"]
[Round "6.8"]
[White "Butzen, Robin"]
[Black "Damen, Sven"]
[Result "1/2-1/2"]
[WhiteElo "1825"]
[BlackElo "1544"]
[PlyCount "76"]
[EventDate "2017.08.??"]

1. d4 Nf6 2. Nf3 e6 3. g3 d5 4. Bg2 c5 5. c4 Nc6 6. cxd5 Nxd5 7. O-O Be7 8. a3
O-O 9. dxc5 Bxc5 10. Qc2 Qb6 11. e4 Nf6 12. Nc3 Nd4 13. Nxd4 Bxd4 14. Na4 Qa5
15. Rd1 e5 16. Bd2 Qa6 17. Bc3 Bg4 18. Rd2 Rac8 19. Qb3 b5 20. Nc5 Rxc5 21. Bb4
Rfc8 22. Bxc5 Bxc5 23. Kh1 Be6 24. Qd1 Qb6 25. Rc1 Ng4 26. Qc2 Nxf2+ 27. Rxf2
Bf8 28. h4 Rxc2 29. Rfxc2 Qe3 30. Rc3 Qf2 31. R1c2 Qe1+ 32. Kh2 g6 33. Bf3 Bh6
34. Re2 Qf1 35. Rg2 Qe1 36. Re2 Qf1 37. Rg2 Qe1 (37... Bc4 {0-1}) 38. Re2 Qf1
1/2-1/2

[Event "ONJK 2017 B"]
[Site "Borne, Netherlands"]
[Date "2017.10.08"]
[Round "6.9"]
[White "Schelleman, Iris"]
[Black "Bruening, Silas"]
[Result "1-0"]
[WhiteElo "1730"]
[BlackElo "1142"]
[PlyCount "37"]
[EventDate "2017.08.??"]

1. e4 c5 2. Nc3 d6 3. f4 e6 4. Nf3 Nf6 5. Bb5+ Nbd7 6. O-O Be7 7. d3 O-O 8.
Bxd7 Bxd7 9. Ng5 h6 10. Nh3 Nh7 11. f5 Ng5 12. Qg4 Kh7 13. Nf4 exf5 14. exf5 g6
15. fxg6+ fxg6 16. Qg3 Rg8 17. Nfd5 Bc6 18. h4 Ne6 19. Qe3 1-0

[Event "ONJK 2017 B"]
[Site "Borne, Netherlands"]
[Date "2017.10.08"]
[Round "6.10"]
[White "Vitharana, Annelies"]
[Black "Van Aken, Jelmer"]
[Result "1-0"]
[WhiteElo "1789"]
[BlackElo "1395"]
[PlyCount "75"]
[EventDate "2017.08.??"]

1. e4 c5 2. Nc3 Nc6 3. f4 g6 4. Nf3 Bg7 5. Bc4 a6 6. a4 e6 7. O-O Nge7 8. d3 d5
9. Bb3 O-O 10. Qe1 Nd4 11. f5 exf5 12. Qh4 Nxf3+ 13. Rxf3 fxe4 14. dxe4 dxe4
15. Nxe4 Nf5 16. Qf4 Re8 17. Rd3 Qe7 18. Bd5 Nd4 19. Qf2 Bf5 20. c3 Rad8 21.
Bg5 Qd7 22. Bxd8 Rxd8 23. c4 Nc6 24. Kh1 Bd4 25. Rxd4 Qe7 26. Rdd1 Bxe4 27. Re1
Bxg2+ 28. Qxg2 Qc7 29. Rad1 Rd6 30. Qf2 Nd4 31. Rf1 Nf5 32. Rde1 Rd8 33. Qg2
Nd6 34. Re2 Kg7 35. Qg5 Rd7 36. Qf6+ Kg8 37. Rfe1 Rd8 38. Re7 1-0

[Event "ONJK 2017 B"]
[Site "Borne, Netherlands"]
[Date "2017.10.08"]
[Round "6.11"]
[White "Resing, Marvin"]
[Black "Van Dongen, Sam"]
[Result "1/2-1/2"]
[WhiteElo "1534"]
[BlackElo "1856"]
[PlyCount "40"]
[EventDate "2017.08.??"]

1. e4 Nc6 2. Nf3 d5 3. exd5 Qxd5 4. Nc3 Qa5 5. d4 Bg4 6. Be2 O-O-O 7. Be3 e5 8.
Nxe5 Bxe2 9. Qxe2 Nxe5 10. dxe5 Qxe5 11. O-O Nf6 12. Qc4 Bd6 13. g3 Qh5 14. h4
Qg6 15. Bf4 Bxf4 16. Qxf4 Qg4 17. Qxg4+ Nxg4 18. Rad1 Nf6 19. Rfe1 Rhe8 20.
Rxe8 Rxe8 {... [70]} 1/2-1/2

[Event "ONJK 2017 B"]
[Site "Borne, Netherlands"]
[Date "2017.10.08"]
[Round "6.12"]
[White "Ghebreab, Elnathan"]
[Black "Heij, Abedin"]
[Result "1/2-1/2"]
[WhiteElo "1837"]
[BlackElo "1594"]
[PlyCount "64"]
[EventDate "2017.08.??"]

1. e4 e5 2. Nf3 Nc6 3. d4 exd4 4. Bc4 d6 5. Nxd4 Nf6 6. Nc3 Be7 7. Be3 O-O 8.
f3 Nxd4 9. Qxd4 b6 10. g4 c5 11. Qd2 Nd7 12. f4 Bh4+ 13. Ke2 Nf6 14. h3 Bb7 15.
Bd5 Bxd5 16. exd5 Re8 17. Kf3 Qe7 18. Qd3 h6 19. Rh2 Qd7 20. Re2 h5 21. Rg1 Re7
22. f5 Rae8 23. Bf4 Rxe2 24. Nxe2 Ne4 25. Rg2 Ng5+ 26. Bxg5 Bxg5 27. Nc3 Re3+
28. Qxe3 Bxe3 29. Kxe3 Qe7+ 30. Ne4 Qe5 31. c3 Qxd5 32. Rd2 Qe5 1/2-1/2

[Event "ONJK 2017 B"]
[Site "Borne, Netherlands"]
[Date "2017.10.08"]
[Round "6.13"]
[White "Zuurmond, Derek"]
[Black "Martinez, Anna"]
[Result "0-1"]
[WhiteElo "1471"]
[BlackElo "1837"]
[PlyCount "92"]
[EventDate "2017.08.??"]

1. e4 c5 2. Nf3 Nc6 3. d4 cxd4 4. Nxd4 e5 5. Nxc6 bxc6 6. Nc3 Bb4 7. Bd2 Nf6 8.
Bd3 O-O 9. O-O Rb8 10. Bg5 Bxc3 11. bxc3 Bb7 12. Bc4 d6 13. Qf3 h6 14. Bxf6
Qxf6 15. Qxf6 gxf6 16. Rad1 Rfd8 17. f3 Rd7 18. Rf2 Rbd8 19. Rfd2 Kf8 20. Kf2
d5 21. Bb3 d4 22. f4 c5 23. Kf3 f5 24. cxd4 fxe4+ 25. Kg3 cxd4 26. c3 Ba6 27.
c4 f5 28. h3 Rg7+ 29. Kh4 Bc8 30. Rg1 Kf7 31. g4 Rdg8 32. Bd1 fxg4 33. hxg4 Kf6
34. Rb2 Ba6 35. Bb3 Re7 36. Re2 Rd8 37. Rge1 Bb7 38. Ba4 e3 39. Kg3 Be4 40. Rd1
Bh7 41. Kf3 Bg8 42. Bb3 a5 43. Rc1 Bh7 44. Rd1 Be4+ 45. Kg3 Rg7 46. Rh1 Bxh1
0-1

[Event "ONJK 2017 B"]
[Site "Borne, Netherlands"]
[Date "2017.10.08"]
[Round "6.14"]
[White "Bilecen, Simon"]
[Black "Eelsingh, Janko"]
[Result "1-0"]
[WhiteElo "1619"]
[BlackElo "1202"]
[PlyCount "87"]
[EventDate "2017.08.??"]

1. d4 f5 2. Nf3 e6 3. Bf4 Nf6 4. e3 Be7 5. Bd3 O-O 6. h3 b6 7. O-O Bb7 8. Nbd2
Ne4 9. Ne5 d6 10. Nec4 Nd7 11. Qe2 Bf6 12. f3 Nxd2 13. Qxd2 Qe8 14. c3 Qh5 15.
e4 fxe4 16. fxe4 e5 17. Be3 Qg6 18. Rf5 Rae8 19. d5 Nc5 20. Bxc5 dxc5 21. Be2
Qg3 22. Bg4 Bc8 23. Rf3 Qh4 24. g3 Qg5 25. Qxg5 Bxg5 26. Rxf8+ Rxf8 27. Nxe5
Bxg4 28. Nxg4 Re8 29. Re1 h5 30. Nf2 c4 31. h4 Bf6 32. Nh3 Be5 33. Nf4 g6 34.
Kf2 Rf8 35. Ke3 Kh7 36. Ne6 Rf6 37. Rg1 Bd6 38. g4 Kg8 39. Rg2 Kf7 40. gxh5 Be5
41. Rg5 Bh2 42. e5 Rxe6 43. dxe6+ Kxe6 44. hxg6 1-0

[Event "ONJK 2017 B"]
[Site "Borne, Netherlands"]
[Date "2017.10.08"]
[Round "6.15"]
[White "Hematyar, Fardin"]
[Black "Van Herreweghe, Jarno"]
[Result "1-0"]
[WhiteElo "1612"]
[BlackElo "1365"]
[PlyCount "47"]
[EventDate "2017.08.??"]

1. b4 e5 2. Bb2 f6 3. a3 d5 4. d4 Bd6 5. e3 Qe7 6. Nd2 Nh6 7. c4 c6 8. Bd3 e4
9. Bc2 g6 10. Ne2 f5 11. Bb3 Be6 12. Rc1 Rf8 13. Nc3 Qf7 14. Qe2 f4 15. cxd5
cxd5 16. Qb5+ Nc6 17. Bxd5 fxe3 18. Bxc6+ bxc6 19. Qxc6+ Ke7 20. Qb7+ Bd7 21.
Qxe4+ Be6 22. Qxe3 Nf5 23. Qe4 Rab8 24. d5 1-0

[Event "ONJK 2017 B"]
[Site "Borne, Netherlands"]
[Date "2017.10.08"]
[Round "6.16"]
[White "Vermet, Thomas"]
[Black "Joosse, Xander"]
[Result "1/2-1/2"]
[WhiteElo "1137"]
[BlackElo "1536"]
[PlyCount "82"]
[EventDate "2017.08.??"]

1. e4 e5 2. Nf3 Nc6 3. Bc4 Bc5 4. c3 Nf6 5. d3 d6 6. h3 O-O 7. O-O a6 8. a3 b5
9. Ba2 a5 10. Re1 b4 11. d4 exd4 12. cxd4 Bb6 13. Bf4 Re8 14. d5 Nxe4 15. Be3
Nb8 16. Bxb6 cxb6 17. Qd4 Nf6 18. Rxe8+ Nxe8 19. Nbd2 Nf6 20. Nf1 Bb7 21. Ng3
Nbd7 22. Re1 bxa3 23. bxa3 b5 24. Nf5 Nc5 25. Ne7+ Kf8 26. Nc6 Qc7 27. Re7 Qxe7
28. Nxe7 Kxe7 29. Ne5 Rc8 30. Ng4 Nxg4 31. Qxg4 Kf8 32. Qf4 Kg8 33. Qxd6 b4 34.
Qb6 bxa3 35. Qxa5 Ne4 36. Qb4 Nc5 37. Qxa3 g6 38. Qb4 Ba6 39. d6 h5 40. Qd4 Bb5
41. Qd5 Be8 1/2-1/2

[Event "ONJK 2017 B"]
[Site "Borne, Netherlands"]
[Date "2017.10.08"]
[Round "6.17"]
[White "Tiemens, Tygo"]
[Black "Kanbier, Guy"]
[Result "1/2-1/2"]
[WhiteElo "1015"]
[BlackElo "1487"]
[PlyCount "33"]
[EventDate "2017.08.??"]

1. e4 e5 2. Nf3 d6 3. Nc3 Nf6 4. Bc4 h6 5. d4 exd4 6. Nxd4 c5 7. Nf3 Bg4 8. h3
Bxf3 9. Qxf3 Nbd7 10. Nd5 Be7 11. O-O O-O 12. Nxf6+ Bxf6 13. Qh5 Rb8 14. Bd3
Ne5 15. Rd1 Be7 16. a4 Nxd3 17. cxd3 1/2-1/2

[Event "ONJK 2017 B"]
[Site "Borne, Netherlands"]
[Date "2017.10.08"]
[Round "6.18"]
[White "Honkoop, Mark"]
[Black "De Smedt, Lias"]
[Result "1/2-1/2"]
[WhiteElo "1733"]
[BlackElo "1271"]
[PlyCount "46"]
[EventDate "2017.08.??"]

1. e4 e5 2. Nf3 Nc6 3. Nc3 Nf6 4. Bb5 d6 5. d4 Bg4 6. d5 a6 7. Ba4 b5 8. Nxb5
axb5 9. Bxb5 Rb8 10. Bxc6+ Bd7 11. Bxd7+ Qxd7 12. Nd2 c6 13. c4 cxd5 14. cxd5
Be7 15. b3 O-O 16. O-O Ng4 17. Qe2 Bd8 18. Nc4 f5 19. exf5 Qxf5 20. Nxd6 Qd7
21. Nc4 Bf6 22. Bb2 Rbe8 23. Ba3 Rf7 {... beide notaties onleesbaar [54]}
1/2-1/2

[Event "ONJK 2017 B"]
[Site "Borne, Netherlands"]
[Date "2017.08.10"]
[Round "6.19"]
[White "Kroon, Gerbrich"]
[Black "Nies, Levi"]
[Result "0-1"]
[WhiteElo "1467"]
[BlackElo "1351"]
[PlyCount "114"]
[EventDate "2017.08.??"]

1. e4 c5 2. Nf3 Nc6 3. d3 e6 4. Nbd2 d5 5. g3 Nf6 6. Bg2 Be7 7. O-O O-O 8. Re1
Re8 9. c3 Bd7 10. d4 Rc8 11. h3 cxd4 12. Nxd4 Bc5 13. Nxc6 Bxc6 14. Qe2 Qb6 15.
e5 {Diagram #} Nh5 16. g4 Nf4 17. Qf3 Nxg2 18. Qxg2 d4 19. Qg3 dxc3 20. bxc3
Red8 21. Nb3 Rd3 22. Qh2 Rxh3 23. Qxh3 Bxf2+ 24. Kh2 Bxe1 25. Be3 Qc7 26. Rxe1
Qxe5+ 27. Qg3 Qxc3 28. Qf2 b6 29. Rc1 Qb4 30. Qf4 Qxf4+ 31. Bxf4 Bb7 32. Rxc8+
Bxc8 33. Bb8 a6 34. Bc7 b5 35. Nc5 Kf8 36. Kg3 Ke7 37. Kf4 Kf6 38. Bd8+ Kg6 39.
Nd3 f6 40. Kg3 e5 41. Nc5 Kg5 42. Ne4+ Kg6 43. Bb6 h5 44. gxh5+ Kxh5 45. Ba5 f5
46. Nf2 g5 47. Bd2 f4+ 48. Kf3 Bb7+ 49. Ke2 Bd5 50. a3 e4 51. Be1 Bc4+ 52. Kd1
e3 53. Ne4 Kg4 54. Kc2 Be6 55. Nc3 Kf3 56. Kc1 g4 57. Kc2 g3 {Diagram #} 0-1

[Event "ONJK 2017 B"]
[Site "Borne, Netherlands"]
[Date "2017.10.08"]
[Round "6.20"]
[White "Keetelaar, Denny"]
[Black "Thienpont, Xander"]
[Result "1/2-1/2"]
[WhiteElo "937"]
[BlackElo "1443"]
[PlyCount "69"]
[EventDate "2017.08.??"]

1. e4 e5 2. Nf3 Nc6 3. d4 exd4 4. Nxd4 Bc5 5. Be3 Qf6 6. c3 Nge7 7. g3 d6 8.
Bg2 Nxd4 9. Bxd4 Bxd4 10. Qxd4 Qe5 11. Qd3 O-O 12. O-O Bd7 13. Re1 Bb5 14. Qc2
Ng6 15. Nd2 Rfe8 16. Re3 Re7 17. Rae1 Rae8 18. b4 Bc6 19. Nf3 Qb5 20. Nd4 Qb6
21. Nxc6 Qxc6 22. e5 Qb6 23. e6 Rxe6 24. Rxe6 Rxe6 25. Rxe6 fxe6 26. Be4 Kf7
27. Qd3 Ne5 28. Qe2 g6 29. Kg2 d5 30. Bxd5 exd5 31. Qxe5 Qc6 32. f3 a6 33. Qf4+
Kg8 34. Qd4 Qe6 35. Qd3 1/2-1/2

[Event "ONJK 2017 B"]
[Site "Borne, Netherlands"]
[Date "2017.10.08"]
[Round "6.21"]
[White "Meijer, Kim"]
[Black "Hungeling, Lisa"]
[Result "1-0"]
[WhiteElo "1106"]
[BlackElo "770"]
[PlyCount "41"]
[EventDate "2017.08.??"]

1. e4 e6 2. d4 d5 3. e5 c5 4. c3 Nc6 5. Nf3 Qb6 6. b3 cxd4 7. Nxd4 Nxd4 8. Be3
Bc5 9. Bxd4 Bxd4 10. cxd4 Qa5+ 11. Qd2 Qd8 12. Nc3 Ne7 13. Bd3 Nc6 14. Bb5 Bd7
15. Rc1 h6 16. O-O Qa5 17. f4 Nxd4 18. Bxd7+ Kxd7 19. Qxd4 Rac8 20. Qa4+ Qxa4
21. Nxa4 1-0

[Event "ONJK 2017 B"]
[Site "Borne, Netherlands"]
[Date "2017.10.08"]
[Round "6.22"]
[White "Hofstra, Tetske"]
[Black "Lindenaar, Katja"]
[Result "0-1"]
[WhiteElo "894"]
[BlackElo "855"]
[PlyCount "43"]
[EventDate "2017.08.??"]

1. e4 d5 2. e5 Nc6 3. Nf3 f6 4. d4 Bg4 5. Bd3 Be6 6. O-O Bg4 7. Be2 h5 8. c3
Bxf3 9. Bxf3 fxe5 10. dxe5 e6 11. Bxh5+ Kd7 12. c4 Kc8 13. cxd5 exd5 14. Bg4+
Kb8 15. e6 Qd6 16. h3 Nf6 17. b3 Nxg4 18. Qxg4 Ne5 19. Qg3 Qxe6 20. Bb2 Bd6 21.
Re1 Nf3+ 22. Qxf3 0-1

[Event "ONJK 2017 B"]
[Site "Borne, Netherlands"]
[Date "2017.10.08"]
[Round "6.23"]
[White "Hofstra, Remmelt"]
[Black "Schalm, Jacob"]
[Result "1-0"]
[WhiteElo "815"]
[BlackElo "1018"]
[PlyCount "49"]
[EventDate "2017.08.??"]

1. e4 e5 2. Nf3 Nc6 3. Bb5 a6 4. Bxc6 dxc6 5. Nxe5 Qd4 6. Ng4 Qxe4+ 7. Ne3 Bc5
8. Nc3 Qg6 9. Qf3 Nf6 10. d3 O-O 11. O-O Bd6 12. Nc4 Bc5 13. Ne5 Qf5 14. Qxf5
Bxf5 15. Nc4 Rfe8 16. Be3 Bf8 17. Bf4 Nd5 18. Nxd5 cxd5 19. Na5 b6 20. Nb7 Ra7
21. Rfe1 Rxe1+ 22. Rxe1 Rxb7 23. Re8 g6 24. Bh6 f6 25. Rxf8# 1-0

[Event "ONJK 2017 B"]
[Site "Borne, Netherlands"]
[Date "2017.08.11"]
[Round "7.1"]
[White "Van Randtwijk, Mick"]
[Black "Noordenbos, Daan"]
[Result "1-0"]
[WhiteElo "1892"]
[BlackElo "1606"]
[PlyCount "58"]
[EventDate "2017.08.??"]

1. e4 c5 2. Nf3 e6 3. d4 cxd4 4. Nxd4 Nc6 5. Nc3 Qc7 6. Be3 a6 7. Be2 Nf6 8.
O-O Bb4 9. Na4 Be7 10. Nxc6 bxc6 11. Nb6 Rb8 12. Nxc8 Qxc8 13. Bd4 d5 14. exd5
cxd5 15. Bd3 O-O 16. Qe2 Ra8 17. Rfc1 Rd8 18. c4 dxc4 19. Rxc4 Qd7 20. Rd1 Nd5
21. Bxh7+ Kxh7 22. Qh5+ Kg8 23. Bxg7 Kxg7 24. Rg4+ Bg5 25. Qxg5+ Kf8 26. Rh4 f6
27. Rh8+ Ke7 28. Rh7+ Kd6 29. Rxd7+ Rxd7 1-0

[Event "ONJK 2017 B"]
[Site "Borne, Netherlands"]
[Date "2017.08.11"]
[Round "7.2"]
[White "Dai, Wenzhi"]
[Black "Baselmans, Luuk"]
[Result "1-0"]
[WhiteElo "1899"]
[BlackElo "1947"]
[PlyCount "119"]
[EventDate "2017.08.??"]

1. e4 e6 2. d4 d5 3. Nc3 Nf6 4. Bg5 Be7 5. e5 Nfd7 6. Bxe7 Qxe7 7. f4 a6 8. Nf3
c5 9. dxc5 Nxc5 10. Bd3 Nc6 11. Qd2 O-O 12. O-O b5 13. a3 Bb7 14. Ne2 Rac8 15.
Ned4 Nxd4 16. Nxd4 Rc7 17. Rae1 Na4 18. f5 Qc5 19. c3 exf5 20. Bxf5 Bc8 21. Kh1
Bxf5 22. Nxf5 Re8 23. Qg5 Qf8 24. e6 f6 25. Qg3 Ra7 26. e7 Raxe7 27. Nxe7+ Rxe7
28. Rxe7 Qxe7 29. Re1 Qd7 30. Qf2 Kf7 31. b3 Nxc3 32. Qd4 b4 33. axb4 Nb5 34.
Qh4 Qf5 35. Qg3 d4 36. Qf3 Qxf3 37. gxf3 Nc3 38. Rc1 Ke6 39. Kg2 Kd5 40. Kf2
Kc6 41. Ra1 Kb5 42. Ke1 Nd5 43. Ra5+ Kc6 44. Rxa6+ Kb5 45. Ra5+ Kc6 46. Rc5+
Kd6 47. Rc4 Ke5 48. b5 Nb6 49. Rc6 Nd7 50. b4 Kd5 51. Kd2 g5 52. h3 h5 53. Rc8
Kd6 54. Kd3 Kd5 55. Rd8 Kd6 56. Kxd4 Kc7 57. Rh8 Kb6 58. Rxh5 Ne5 59. Ke4 Kxb5
60. Rxg5 1-0

[Event "ONJK 2017 B"]
[Site "Borne, Netherlands"]
[Date "2017.08.11"]
[Round "7.3"]
[White "Decruyenaere, Robbert"]
[Black "Salem Elier, Ali"]
[Result "1/2-1/2"]
[WhiteElo "1818"]
[BlackElo "1962"]
[PlyCount "64"]
[EventDate "2017.08.??"]

1. e4 e5 2. Nf3 Nc6 3. Nc3 Nf6 4. Bb5 d6 5. d3 a6 6. Bxc6+ bxc6 7. h3 g6 8. O-O
Bg7 9. Nh2 O-O 10. f4 exf4 11. Bxf4 Nh5 12. Be3 Rb8 13. Rb1 d5 14. Bc5 dxe4 15.
dxe4 Qxd1 16. Rfxd1 Re8 17. Bd4 Nf6 18. Nf3 Bb7 19. Re1 c5 20. Bxc5 Nxe4 21.
Bd4 Nd2 22. Nxd2 Bxd4+ 23. Kh1 Bc6 24. Nb3 Bf6 25. Rbd1 Rbd8 26. Kg1 Rxd1 27.
Rxd1 Bh4 28. Nd4 Bb7 29. Nf3 Bxf3 30. gxf3 Re1+ 31. Rxe1 Bxe1 32. Nd5 Bg3
1/2-1/2

[Event "ONJK 2017 B"]
[Site "Borne, Netherlands"]
[Date "2017.08.11"]
[Round "7.4"]
[White "Verheyen, Olivier"]
[Black "Gijsen, William"]
[Result "0-1"]
[WhiteElo "1731"]
[BlackElo "1856"]
[PlyCount "42"]
[EventDate "2017.08.??"]

1. e4 c5 2. Nf3 g6 3. d4 cxd4 4. Qxd4 Nf6 5. Nc3 Nc6 6. Qa4 Bg7 7. e5 Ng8 8.
Bf4 Nh6 9. Bb5 O-O 10. O-O-O a6 11. Rhe1 Rb8 12. Bxc6 bxc6 13. e6 d6 14. exf7+
Rxf7 15. Ng5 Qb6 16. Rd3 Qxb2+ 17. Kd2 Rf8 18. Ne6 Bxe6 19. Rxe6 Rb4 20. Nd1
Rxa4 21. Nxb2 Raxf4 0-1

[Event "ONJK 2017 B"]
[Site "Borne, Netherlands"]
[Date "2017.08.11"]
[Round "7.5"]
[White "De Vries, Tobias"]
[Black "Schelleman, Iris"]
[Result "1-0"]
[WhiteElo "1747"]
[BlackElo "1730"]
[PlyCount "65"]
[EventDate "2017.08.??"]

1. Nf3 Nf6 2. c4 e6 3. g3 b6 4. Bg2 Bb7 5. O-O c5 6. Nc3 Nc6 7. d4 cxd4 8. Nxd4
Bc5 9. Nb3 Be7 10. Nb5 Qb8 11. Bf4 e5 12. Bg5 a6 13. Nc3 h6 14. Bxf6 Bxf6 15.
Nd5 Qd8 16. c5 b5 17. Rc1 Rb8 18. e3 h5 19. Nd2 h4 20. Ne4 Be7 21. Nd6+ Kf8 22.
Nb6 g6 23. Qd5 Rh7 24. Rfd1 Ba8 25. Nxa8 Rxa8 26. Nb7 Qc7 27. Qxd7 Qxd7 28.
Rxd7 Nd8 29. Nd6 Rb8 30. c6 Bxd6 31. Rxd6 Rc8 32. c7 Ne6 33. Rd7 1-0

[Event "ONJK 2017 B"]
[Site "Borne, Netherlands"]
[Date "2017.08.11"]
[Round "7.6"]
[White "Vleming, Stefan"]
[Black "Warmerdam, Ivo"]
[Result "0-1"]
[WhiteElo "1652"]
[BlackElo "1537"]
[PlyCount "76"]
[EventDate "2017.08.??"]

1. d4 Nf6 2. c4 g6 3. f3 Bg7 4. e4 O-O 5. Nc3 d6 6. Be3 e5 7. d5 Na6 8. Qd2 Ne8
9. g4 c6 10. h4 f5 11. gxf5 gxf5 12. Bg5 Qb6 13. h5 f4 14. O-O-O h6 15. Bh4 Nc5
16. Bf2 Rf7 17. Na4 Qa6 18. Nxc5 dxc5 19. Bxc5 Qxa2 20. dxc6 Qa1+ 21. Kc2 Qa4+
22. b3 Qxc6 23. Qf2 b6 24. Ba3 Be6 25. Ne2 b5 26. c5 a5 27. Nc1 Rc7 28. Nd3 a4
29. Kb2 axb3 30. Nb4 Qxc5 31. Qxc5 Rxc5 32. Rh2 Rc7 33. Bxb5 Bf8 34. Bxe8 Bxb4
35. Rg2+ Kh8 36. Ra1 Bc3+ 37. Kb1 Bxa1 38. Bf8 Rxe8 0-1

[Event "ONJK 2017 B"]
[Site "Borne, Netherlands"]
[Date "2017.08.11"]
[Round "7.7"]
[White "Martinez, Anna"]
[Black "Vitharana, Annelies"]
[Result "1/2-1/2"]
[WhiteElo "1837"]
[BlackElo "1789"]
[PlyCount "73"]
[EventDate "2017.08.??"]

1. e4 d5 2. exd5 Nf6 3. d4 Nxd5 4. Nf3 Bg4 5. c4 Nb6 6. c5 N6d7 7. Bc4 e6 8.
O-O Nc6 9. Be3 Be7 10. Nbd2 O-O 11. Be2 Nf6 12. Nc4 Nd5 13. a3 Bf6 14. Nce5
Nxe5 15. Nxe5 Nxe3 16. fxe3 Bxe2 17. Qxe2 Bxe5 18. dxe5 Qg5 19. b4 Rad8 20. Qf3
Qxe5 21. Qxb7 a5 22. Qf3 Rd3 23. Rfe1 Rfd8 24. Qf4 Qd5 25. e4 Qd4+ 26. Kf1 axb4
27. axb4 Qxb4 28. Qxc7 Qc4 29. Kg1 Qd4+ 30. Kh1 Qc3 31. Rf1 f5 32. exf5 exf5
33. h3 R3d7 34. Qa5 Qxa5 35. Rxa5 Rd5 36. Rc1 Rc8 37. Kg1 1/2-1/2

[Event "ONJK 2017 B"]
[Site "Borne, Netherlands"]
[Date "2017.08.11"]
[Round "7"]
[White "Damen, Sven"]
[Black "Merkon, Oseb"]
[Result "1/2-1/2"]
[WhiteElo "1544"]
[BlackElo "1833"]
[PlyCount "85"]
[EventDate "2017.08.??"]

1. e4 c5 2. Nc3 d6 3. f4 a6 4. Nf3 Nc6 5. a3 Bg4 6. Be2 Bxf3 7. Bxf3 e6 8. d3
Nd4 9. Be3 Nxf3+ 10. Qxf3 b5 11. d4 Qc7 12. d5 Nf6 13. dxe6 fxe6 14. e5 Nd5 15.
Nxd5 exd5 16. Qxd5 Rd8 17. Rd1 Be7 18. Qe6 Qd7 19. Qxd7+ Rxd7 20. exd6 Rxd6 21.
O-O Re6 22. Rfe1 Kf7 23. Kf2 Rc8 24. Bd2 Rf6 25. g3 Rcc6 26. Bc3 Rfe6 27. Rxe6
Rxe6 28. Re1 Rxe1 29. Kxe1 g6 30. Ke2 Ke6 31. Ke3 b4 32. axb4 cxb4 33. Bd4 Kd5
34. Kd3 a5 35. b3 Bd8 36. g4 Bc7 37. f5 gxf5 38. gxf5 Bxh2 39. Bb6 Bd6 40. Bxa5
Ke5 41. c3 bxc3 42. Bxc3+ Kxf5 43. b4 1/2-1/2

[Event "ONJK 2017 B"]
[Site "Borne, Netherlands"]
[Date "2017.08.11"]
[Round "7"]
[White "Schaefer, Daniel"]
[Black "Butzen, Robin"]
[Result "1-0"]
[WhiteElo "1792"]
[BlackElo "1825"]
[PlyCount "74"]
[EventDate "2017.08.??"]

1. d4 d5 2. c4 c6 3. Nf3 Nf6 4. Nc3 e6 5. Bg5 Nbd7 6. e3 Qa5 7. Bxf6 Nxf6 8.
Bd3 Be7 9. O-O O-O 10. Rc1 dxc4 11. Bxc4 c5 12. d5 exd5 13. Nxd5 Nxd5 14. Bxd5
Bf6 15. Qb3 Rb8 16. Rc2 b6 17. Rd1 Ba6 18. Rcd2 Bb5 19. Qc2 Rbd8 20. Qf5 h6 21.
e4 Bd7 22. Qh5 c4 23. e5 Be7 24. Bxc4 Be6 25. Rxd8 Rxd8 26. Rxd8+ Bxd8 27. Bxe6
fxe6 28. Qe8+ Kh7 29. Qxd8 Qxa2 30. h3 Qxb2 31. Qd3+ Kh8 32. Qd7 Qa2 33. Nd4
Qb1+ 34. Kh2 Qe1 35. Nxe6 Qxe5+ 36. g3 g5 37. Qe8+ Kh7 1-0

[Event "ONJK 2017 B"]
[Site "Borne, Netherlands"]
[Date "2017.08.11"]
[Round "7"]
[White "Heij, Abedin"]
[Black "Bilecen, Simon"]
[Result "1/2-1/2"]
[WhiteElo "1594"]
[BlackElo "1619"]
[PlyCount "57"]
[EventDate "2017.08.??"]

1. d4 Nf6 2. c4 g6 3. Nc3 Bg7 4. Nf3 O-O 5. e3 d6 6. Be2 b6 7. O-O Bb7 8. Bd2
Nbd7 9. Qc2 e5 10. d5 a5 11. e4 c6 12. Bg5 h6 13. dxc6 Bxc6 14. Bxf6 Qxf6 15.
Rfd1 Nc5 16. Nd5 Bxd5 17. Rxd5 Qf4 18. Bd3 Rfd8 19. Qd2 Rac8 20. b3 Ne6 21. Bc2
Qxd2 22. Rxd2 Nd4 23. Nxd4 exd4 24. Bd3 Ra8 25. f3 h5 26. Rb1 Bh6 27. Rc2 Be3+
28. Kf1 Rf8 29. Rbb2 1/2-1/2

[Event "ONJK 2017 B"]
[Site "Borne, Netherlands"]
[Date "2017.08.11"]
[Round "7"]
[White "Van Dongen, Sam"]
[Black "Hematyar, Fardin"]
[Result "1-0"]
[WhiteElo "1856"]
[BlackElo "1612"]
[PlyCount "79"]
[EventDate "2017.08.??"]

1. d4 d5 2. Nc3 Nf6 3. Bg5 Bf5 4. e3 a6 5. Bd3 Bg6 6. Bxf6 gxf6 7. Nf3 Nc6 8.
e4 dxe4 9. Bxe4 Bxe4 10. Nxe4 Qd5 11. Nc3 Qa5 12. Qd2 O-O-O 13. O-O-O e6 14. a3
h5 15. Kb1 Bh6 16. Qe2 Ne7 17. Na2 Rd6 18. c4 Rhd8 19. Nc3 Nf5 20. d5 e5 21.
Ka2 c5 22. dxc6 Rxc6 23. b4 Qc7 24. Rxd8+ Qxd8 25. Rd1 Rd6 26. Nd5 Ne7 27. Nb6+
Kc7 28. Rxd6 Qxd6 29. c5 Qe6+ 30. Qc4 Qxc4+ 31. Nxc4 Nd5 32. Nh4 e4 33. Nf5 Bg5
34. h4 Bf4 35. g3 Be5 36. Nxe5 fxe5 37. Nd6 e3 38. fxe3 Nxe3 39. Nxf7 e4 40.
Ng5 1-0

[Event "ONJK 2017 B"]
[Site "Borne, Netherlands"]
[Date "2017.08.11"]
[Round "7"]
[White "Segers, Job"]
[Black "Ghebreab, Elnathan"]
[Result "1/2-1/2"]
[WhiteElo "1427"]
[BlackElo "1837"]
[PlyCount "53"]
[EventDate "2017.08.??"]

1. e4 d5 2. exd5 Nf6 3. d4 Nxd5 4. Nf3 Bg4 5. c4 Nb6 6. Be3 c6 7. Nbd2 g6 8. h3
Bxf3 9. Nxf3 Bg7 10. Rb1 Qc7 11. Be2 N8d7 12. O-O Nf6 13. Qc1 Rd8 14. Rd1 O-O
15. Bh6 Rfe8 16. Bxg7 Kxg7 17. a4 Nbd7 18. b4 e5 19. dxe5 Nxe5 20. Qf4 Nxf3+
21. Qxf3 Rxd1+ 22. Rxd1 Qe5 23. Bf1 Qe4 24. Qc3 Qe5 25. Qf3 Qe4 26. Qc3 Qe5 27.
Qf3 1/2-1/2

[Event "ONJK 2017 B"]
[Site "Borne, Netherlands"]
[Date "2017.08.11"]
[Round "7"]
[White "Van Aken, Jelmer"]
[Black "Resing, Marvin"]
[Result "0-1"]
[WhiteElo "1395"]
[BlackElo "1534"]
[PlyCount "54"]
[EventDate "2017.08.??"]

1. e4 c5 2. Nf3 d6 3. d4 cxd4 4. Nxd4 Nf6 5. Nc3 a6 6. Be3 e5 7. Nb3 Be6 8. Nd2
Be7 9. Bc4 O-O 10. Qe2 Nbd7 11. O-O-O b5 12. Bxe6 fxe6 13. Nf3 b4 14. Nb1 Nxe4
15. Qc4 d5 16. Qc6 Bd6 17. Nbd2 Rc8 18. Qxa6 Qc7 19. Qd3 Nec5 20. Qe2 Qa5 21.
Bxc5 Nxc5 22. Nb3 Qxa2 23. Nxc5 Rxc5 24. Kd2 Qxb2 25. Rc1 e4 26. Kd1 Rxf3 27.
Qa6 Rd3+ 0-1

[Event "ONJK 2017 B"]
[Site "Borne, Netherlands"]
[Date "2017.08.11"]
[Round "7"]
[White "Bruening, Silas"]
[Black "Nies, Levi"]
[Result "0-1"]
[WhiteElo "1142"]
[BlackElo "1351"]
[PlyCount "100"]
[EventDate "2017.08.??"]

1. e4 c5 2. Nf3 Nc6 3. Be2 e6 4. O-O d5 5. exd5 exd5 6. d4 c4 7. Re1 Be7 8.
Nbd2 Nf6 9. c3 O-O 10. Nf1 Ne4 11. Ng3 Nxg3 12. hxg3 Bf6 13. Qc2 Ne7 14. Bf4
Bf5 15. Qd2 Ng6 16. Bd1 Re8 17. Bc2 Bxc2 18. Qxc2 Nxf4 19. gxf4 Qb6 20. Ne5 Be7
21. Re2 Bd6 22. f5 f6 23. Nf3 Kf7 24. Rae1 Re7 25. Rxe7+ Bxe7 26. Qe2 Re8 27.
Kf1 Qc6 28. Qc2 Bd6 29. Rxe8 Qxe8 30. Qe2 Bf4 31. Nd2 Bxd2 32. Qxd2 Qe4 33. f3
Qxf5 34. Kf2 b5 35. a3 a6 36. Qe2 g5 37. g3 Qh3 38. Qf1 Qxf1+ 39. Kxf1 Kg6 40.
Kf2 Kf5 41. Ke2 h5 42. Kf2 h4 43. Kg2 hxg3 44. Kxg3 a5 45. Kf2 Kf4 46. Ke2 f5
47. Kf2 a4 48. Ke2 Kg3 49. Ke3 f4+ 50. Ke2 Kg2 0-1